000 00921nam a22002537a 4500
005 20170123162302.0
010 _aB-208839
020 _c80.00
_a8182231590
035 _aB-208839
037 _bCen Lib/Ret
040 _aDPL
_bUR
082 _a840.8
_bت ر ن
100 _aترنمّ ریاض
_9141872
245 _a : چشم نقش قدم
_cترنمّ ریاض
_b /تنقید اور تحقیقی مضامین
246 _aChasham-e-naqasha-e-qadam : tanqueed aur tahqeeqi mazameen /
_bby tarannum Riyaz
260 _aدہلی
_bایجوکیشنل پبلشنگ ہاؤس
_c2006
270 _aگلی وکیل، کچہ پنڈت، لال کان
_bدہلی
_e110006
300 _a102p.
_c22cm(Hb)
650 _aاردو ادب
_x
_z
_9141873
650 _aاردو تنقید
_v
_9141874
650 _aUrdu adab
_9141875
650 _aUrdu Tanqueed
_9141876
942 _2ddc
_cUR
_h841
_kت ر ن
999 _c106058
_d106058